LDR 00853naa#a2200157#i#450# 001 RU\\bibl\19772 005 20260602233703.2 100 ## _a20260601b2026####ek#y0rusy0150####ca 102 ## _aRU 200 1# _aИССЛЕДОВАНИЕ ФИТОТОКСИЧНОСТИ ПОЧВ МЕТОДАМИ БИОИНДИКАЦИИ _eСтатья/тезисы конференции 210 1# _aВоронеж _cВоронежский государственный лесотехнический университет имени Г.Ф. Морозова _d2026 215 ## _a5 с. 608 ## _aСтатья/тезисы конференции _2local 675 ## _aЭкология растений. Этология. Растение и окружающая среда (биономия). 581.5 _z 700 #1 _aМоисеева _gЕвгения Владимировна 856 4# _abibl.vgltu.ru _u